000 01497nam a2200277Ia 4500
001 18086
003 GE_BSU
008 181216s||||||||xx |||||||||||||| ||und||
020 _a9789941409912. ISSN 1987-7625
040 _cGE_BSU
080 _a811.353.1(063)+378.7
245 _aჰუმანიტარული მეცნიერებები ინფორმაციულ საზოგადოებაში I. Humanities in the information society
245 _bსაერთაშორისო კონფერენციის მასალები.
245 _cრედ. მ. გიორგაძე
250 _aშოთა რუსთაველის სახ. უნ-ტი. ჰუმანიტარულ მეცნიერებათა ფაკ-ტი
260 _aბათუმი
260 _bშოთა რუსთაველის სახელმწ. უნ-ტი
260 _c2009
300 _a533გვ.30სმ.
520 _aწინას. ინგლ.ენ. გარეკ და თავფ. ქართ. და ინგლ.
541 _h20ლ.
653 _aHumanities in the information society
653 _aსაერთაშორისო კონფერენციის მასალები
653 _aჰუმანიტარული მეცნიერებები ინფორმაციულ საზოგადოებაში. I
942 _cBK
999 _c51129
_d51129